000 00586nam a2200181Ia 4500
005 20250423100136.0
008 250422s9999 xx 000 0 und d
020 _a9781427798756
050 _aQC 32 .M453/
245 0 _aMCAT physics
250 _a2009/2010
260 _aNew York
260 _bKaplan
260 _c2009
300 _a406 p
650 _aPhysics --Examinations, questions, etc. Medical College Admission Test --Study guides. Medical colleges --United States --Entrance examinations --Study guides. Medicine --Examinations, questions, etc.
942 _cBK
999 _c32405
_d32405